Sports Quiz

Random Sports or NFL Quiz

NFL Stadiums of the Past Quiz Stats

Quiz not verified by Sporcle

Challenge
Share
Tweet
Embed
Score 0/30 Timer 10:00
0 Plays Today
Team Previous Stadium % Correct
Pittsburgh SteelersThree Rivers Stadium
80.7%
Philadelphia EaglesVeterans Stadium
75.9%
Denver BroncosMile High Stadium
75.3%
Washington RedskinsRFK Stadium
72.3%
Dallas CowboysTexas Stadium
71.1%
Detroit LionsPontiac Silverdome
68.7%
Miami DolphinsOrange Bowl
67.5%
Indianapolis ColtsRCA Dome
66.9%
New England PatriotsFoxboro Stadium
64.5%
New York JetsShea Stadium
62.7%
Arizona CardinalsSun Devil Stadium
60.2%
New York GiantsYankee Stadium
58.4%
Seattle SeahawksKingdome
57.8%
Cincinnati BengalsRiverfront Stadium
56%
Chicago BearsSoldier Field I
50.6%
Team Previous Stadium % Correct
Baltimore RavensMemorial Stadium
45.8%
Cleveland BrownsCleveland Municipal Stadium
44.6%
New Orleans SaintsTulane Stadium
41%
Tampa Bay BuccaneersTampa Stadium
39.2%
Kansas City ChiefsMunicipal Stadium
34.3%
Atlanta FalconsAtlanta-Fulton County Stadium
31.9%
St. Louis RamsBusch Stadium
28.9%
Minnesota VikingsMetropolitan Stadium
27.7%
Oakland RaidersLos Angeles Memorial Coliseum
25.9%
Buffalo BillsWar Memorial Stadium
25.3%
Tennessee TitansVanderbilt Stadium
25.3%
San Francisco 49ersKezar Stadium
21.7%
Carolina PanthersClemson Memorial Stadium
18.1%
San Diego ChargersBalboa Stadium
12.7%
Green Bay PackersMilwaukee County Stadium
10.8%

You're not logged in!

Compare scores with friends on all Sporcle quizzes.
Sign Up with Email
OR
Log In

You Might Also Like...

Show Comments

Extras

Top Quizzes Today


Score Distribution

Your Account Isn't Verified!

In order to create a playlist on Sporcle, you need to verify the email address you used during registration. Go to your Sporcle Settings to finish the process.